000 00686cab a2200241 4500
001 WB3413-09
008 090401t1998 xxu||||| |||| 00| 0 eng d
035 _a(Sirsi) u85365
041 _aeng
245 _aHSBC moves to Canary Wharf
260 _c1998
350 _a0
490 _aFinancial Times
_v31 March 1998, 1(1)
520 _aHSBC Holdings is planning to relocate its banking and insurance activities to one site at Canary Wharf.
650 _aCANARY WHARF
650 _aCITY OF LONDON
650 _aFINANCIAL INSTITUTIONS
650 _aLONDON DOCKLANDS
650 _aRELOCATION
690 _aPROPERTY-COMMERCIAL PROPERTY
942 _n0
948 _c01/04/1998
999 _c53678
_d53678